[Event "PRO League Stage"]
[Site "Chess.com INT"]
[Date "2019.02.20"]
[Round "7"]
[White "Ivlev, Aleksey"]
[Black "Regoli, Stephane"]
[Result "1/2-1/2"]
[WhiteElo "2326"]
[BlackElo "2256"]
[PlyCount "122"]
[EventDate "2019.01.08"]
[EventType "team-swiss (rapid)"]
[EventRounds "10"]
[EventCountry "USA"]
[SourceTitle "CBM 189 Extra"]
[Source "ChessBase"]
[SourceDate "2019.06.03"]
[SourceVersion "1"]
[SourceVersionDate "2019.06.03"]
[SourceQuality "1"]
[WhiteTeam "Volga Stormbringers"]
[BlackTeam "Marseille Migraines"]
[WhiteTeamCountry "RUS"]
[BlackTeamCountry "FRA"]

1. e4 c5 2. Nf3 Nc6 3. Nc3 g6 4. g3 Bg7 5. Bg2 e5 6. 0-0 Nge7 7. d3 0-0 8. a3 h6 9. Be3 b6 10. b4 cxb4 11. axb4 Nxb4 12. Qd2 Kh7 13. Nb5 Nbc6 14. Rfb1 d5 15. Nxa7 Rxa7 16. Rxa7 Nxa7 17. Bxb6 Qd7 18. exd5 Nxd5 19. Bc5 Re8 20. h4 Nc6 21. h5 Nd4 22. hxg6+ fxg6 23. Nh4 Ne7 24. Be4 Nef5 25. Nxg6 Kxg6 26. g4 Qc7 27. Rb6+ Kh7 28. Bxd4 exd4 29. Rc6 Qb8 30. gxf5 Qb1+ 31. Kg2 Bb7 32. f6+ Rxe4 33. dxe4 Bxc6 34. fxg7 Bxe4+ 35. Kg3 Qh1 36. Kf4 Qf3+ 37. Ke5 Qf5+ 38. Kxd4 Bxc2 39. Qxh6+ Kxh6 40. g8Q Qe4+ 41. Kc3 Qd3+ 42. Kb2 Qf5 43. Qh8+ Kg5 44. Qd8+ Kf4 45. Qh4+ Kf3 46. Qg3+ Ke2 47. Qe3+ Kf1 48. f4 Kg2 49. Kc3 Be4 50. Kb4 Bf3 51. Qe5 Qb1+ 52. Kc5 Be4 53. Kd6 Kf3 54. Ke7 Qb7+ 55. Kf6 Qc6+ 56. Ke7 Qb7+ 57. Kf6 Qc6+ 58. Ke7 Qh6 59. f5 Qg5+ 60. Ke6 Qxf5+ 61. Qxf5+ Bxf5+ 1/2-1/2

[Event "PRO League Stage"]
[Site "Chess.com INT"]
[Date "2019.01.22"]
[Round "3"]
[White "Sebenik, Matej"]
[Black "Regoli, Stephane"]
[Result "1-0"]
[WhiteElo "2540"]
[BlackElo "2256"]
[PlyCount "51"]
[EventDate "2019.01.08"]
[EventType "team-swiss (rapid)"]
[EventRounds "10"]
[EventCountry "USA"]
[SourceTitle "CBM 188 Extra"]
[Source "ChessBase"]
[SourceDate "2019.02.26"]
[SourceVersion "1"]
[SourceVersionDate "2019.02.26"]
[SourceQuality "1"]
[WhiteTeam "Ljubljana Turtles"]
[BlackTeam "Marseille Migraines"]
[WhiteTeamCountry "SLO"]
[BlackTeamCountry "FRA"]

1. Nf3 d5 2. d4 Nf6 3. Bf4 c5 4. e3 e6 5. Nbd2 Nc6 6. c3 Be7 7. Ne5 0-0 8. Bd3 Nd7 9. Ndf3 Ndxe5 10. dxe5 f5 11. h4 a6 12. Ng5 Bxg5 13. hxg5 g6 14. g4 Qe7 15. Qf3 b5 16. gxf5 gxf5 17. g6 hxg6 18. Qg3 Qg7 19. Bh6 Qh7 20. 0-0-0 Rf7 21. Bg5 Qg7 22. f4 c4 23. Bc2 b4 24. Rdg1 Ne7 25. Qh4 Kf8 26. Bh6 1-0

[Event "Paris-ch op-B 87th"]
[Site "Paris"]
[Date "2012.07.10"]
[Round "4"]
[White "Regoli, Stephane"]
[Black "Lepot, Simon"]
[Result "0-1"]
[WhiteElo "2248"]
[BlackElo "2037"]
[PlyCount "76"]
[EventDate "2012.07.07"]
[EventType "swiss"]
[EventRounds "9"]
[EventCountry "FRA"]
[SourceTitle "EXT 2013"]
[Source "ChessBase"]
[SourceDate "2012.11.22"]
[SourceVersion "1"]
[SourceVersionDate "2012.11.22"]
[SourceQuality "1"]

1. e4 c5 2. Nf3 d6 3. c3 Nf6 4. h3 Nc6 5. Bd3 e5 6. Bc2 d5 7. exd5 Qxd5 8. d3 Bf5 9. 0-0 0-0-0 10. b4 cxb4 11. d4 Bxc2 12. Qxc2 exd4 13. cxd4 Kb8 14. Be3 Ne4 15. Nbd2 Nxd2 16. Qxd2 f6 17. Rfd1 g5 18. Ne1 h5 19. Rac1 h4 20. Nd3 Rg8 21. Qe2 Bd6 22. Nc5 Bc7 23. Nxb7 Kxb7 24. Rc5 Qd6 25. Qb5+ Bb6 26. Rdc1 Nxd4 27. Bxd4 Qxd4 28. Rc7+ Kb8 29. Qc6 Qd1+ 30. Rxd1 Rxd1+ 31. Kh2 Bxc7+ 32. g3 hxg3+ 33. Kg2 Rd2 34. Qb5+ Bb6 35. Kxg3 Rxf2 36. Qxb4 f5 37. a4 Re8 38. Qb5 Re3+ 0-1

[Event "Paris-ch op-B 87th"]
[Site "Paris"]
[Date "2012.07.09"]
[Round "3"]
[White "Mirimanian, Hayk"]
[Black "Regoli, Stephane"]
[Result "1/2-1/2"]
[WhiteElo "2048"]
[BlackElo "2248"]
[PlyCount "54"]
[EventDate "2012.07.07"]
[EventType "swiss"]
[EventRounds "9"]
[EventCountry "FRA"]
[SourceTitle "EXT 2013"]
[Source "ChessBase"]
[SourceDate "2012.11.22"]
[SourceVersion "1"]
[SourceVersionDate "2012.11.22"]
[SourceQuality "1"]

1. e4 c5 2. Nc3 Nc6 3. g3 g6 4. Bg2 Bg7 5. d3 Rb8 6. Be3 b5 7. Qd2 b4 8. Nd1 d6 9. Ne2 e5 10. 0-0 Nd4 11. c3 bxc3 12. bxc3 Nxe2+ 13. Qxe2 Nf6 14. h3 0-0 15. Qd2 Qb6 16. c4 Bd7 17. Nc3 Qa6 18. Rab1 Rb4 19. Rxb4 cxb4 20. Nb5 Bxb5 21. cxb5 Qxb5 22. Bxa7 Ra8 23. Be3 d5 24. exd5 Nxd5 25. Bxd5 Qxd5 26. Qxb4 Rxa2 27. Qc4 Qa8 1/2-1/2

[Event "FRA-chT1A 1112"]
[Site "France"]
[Date "2012.01.14"]
[Round "6.1"]
[White "Regoli, Stephane"]
[Black "Lagarde, Maxime"]
[Result "0-1"]
[WhiteElo "2253"]
[BlackElo "2478"]
[PlyCount "82"]
[EventDate "2011.10.16"]
[EventType "team-tourn"]
[EventRounds "11"]
[EventCountry "FRA"]
[SourceTitle "EXT 2013"]
[Source "ChessBase"]
[SourceDate "2012.11.22"]
[SourceVersion "1"]
[SourceVersionDate "2012.11.22"]
[SourceQuality "1"]
[WhiteTeam "JEEN"]
[BlackTeam "Clichy"]
[WhiteTeamCountry "FRA"]
[BlackTeamCountry "FRA"]

1. e4 c5 2. Nf3 d6 3. Bb5+ Nc6 4. 0-0 Bd7 5. Re1 Nf6 6. c3 a6 7. Bf1 Bg4 8. d4 cxd4 9. cxd4 d5 10. e5 Ne4 11. Nc3 Nxc3 12. bxc3 e6 13. h3 Bh5 14. Qb3 Bxf3 15. gxf3 Na5 16. Qa4+ b5 17. Qd1 Qc7 18. a4 b4 19. cxb4 Bxb4 20. Re3 0-0 21. Ba3 Bxa3 22. Raxa3 Qb6 23. Rac3 Rab8 24. f4 f5 25. Kg2 Nc6 26. Rc5 Ne7 27. Qe2 Ng6 28. Qxa6 Nxf4+ 29. Kf3 Qb4 30. Rc7 Qxd4 31. Qa7 Qxa7 32. Rxa7 d4 33. Re1 g5 34. Kg3 Rb3+ 35. Kh2 Rf7 36. Rxf7 Kxf7 37. Ra1 Rb7 38. a5 Ra7 39. Bc4 Ng6 40. a6 Nxe5 41. Rb1 Kf6 0-1

[Event "FRA-chT1A 1112"]
[Site "France"]
[Date "2011.11.12"]
[Round "2.1"]
[White "Regoli, Stephane"]
[Black "Fantinel, Thibault"]
[Result "1/2-1/2"]
[WhiteElo "2253"]
[BlackElo "2300"]
[PlyCount "61"]
[EventDate "2011.10.16"]
[EventType "team-tourn"]
[EventRounds "11"]
[EventCountry "FRA"]
[SourceTitle "EXT 2013"]
[Source "ChessBase"]
[SourceDate "2012.11.22"]
[SourceVersion "1"]
[SourceVersionDate "2012.11.22"]
[SourceQuality "1"]
[WhiteTeam "JEEN"]
[BlackTeam "Agen"]
[WhiteTeamCountry "FRA"]
[BlackTeamCountry "FRA"]

1. e4 c5 2. Nf3 e6 3. b3 a6 4. Bb2 Nc6 5. d4 cxd4 6. Nxd4 Qf6 7. Bc3 Qg6 8. Nd2 Nf6 9. Nxc6 dxc6 10. Qf3 e5 11. h3 Nd7 12. Nc4 Bc5 13. Nxe5 Nxe5 14. Bxe5 0-0 15. Bd3 Re8 16. Bc3 Bf5 17. e5 Bxd3 18. cxd3 f6 19. d4 Bd6 20. 0-0 fxe5 21. dxe5 Bxe5 22. Bxe5 Rxe5 23. Rfe1 Qe6 24. Rxe5 Qxe5 25. Rd1 Rf8 26. Qg4 Qf6 27. Qg3 Qf5 28. Re1 Qf6 29. Rd1 Rd8 30. Re1 Rf8 31. Rd1 1/2-1/2

[Event "FRA-chT2 1011"]
[Site "France"]
[Date "2010.11.13"]
[Round "2.3"]
[White "Regoli, Stephane"]
[Black "Dionisi, Thomas"]
[Result "1-0"]
[WhiteElo "2257"]
[BlackElo "2192"]
[PlyCount "55"]
[EventDate "2010.10.17"]
[EventType "team-tourn"]
[EventRounds "11"]
[EventCountry "FRA"]
[SourceTitle "EXT 2012"]
[Source "ChessBase"]
[SourceDate "2011.11.24"]
[SourceVersion "1"]
[SourceVersionDate "2011.11.24"]
[SourceQuality "1"]

1. e4 c5 2. Nf3 Nc6 3. Bb5 Nf6 4. e5 Ng4 5. Bxc6 dxc6 6. d3 g6 7. Bf4 Nh6 8. 0-0 Nf5 9. Nbd2 Nd4 10. Ne1 Bg7 11. c3 Ne6 12. Bg3 h5 13. h3 h4 14. Bh2 Qd5 15. Qe2 Rh5 16. f4 Nc7 17. Nc4 Bf5 18. Ne3 Qd7 19. Rd1 0-0-0 20. d4 Qe6 21. Nf3 f6 22. Nxf5 Qxf5 23. dxc5 Rxd1 24. Rxd1 Rh8 25. Qd2 fxe5 26. Nxh4 Qe6 27. Nxg6 Rg8 28. f5 1-0

[Event "FRA-chT2 Nord 0708"]
[Site "France"]
[Date "2008.03.16"]
[Round "9.5"]
[White "Regoli, Stephane"]
[Black "Kieffer, Christian"]
[Result "1/2-1/2"]
[WhiteElo "2218"]
[BlackElo "2185"]
[PlyCount "92"]
[EventDate "2007.10.21"]
[EventType "team"]
[EventRounds "11"]
[EventCountry "FRA"]
[SourceTitle "EXT 2009"]
[Source "ChessBase"]
[SourceDate "2008.11.26"]
[SourceVersion "1"]
[SourceVersionDate "2008.11.26"]
[SourceQuality "1"]
[WhiteTeam "JEEN"]
[BlackTeam "Le Touquet"]
[WhiteTeamCountry "FRA"]
[BlackTeamCountry "FRA"]

1. e4 c5 2. Nc3 e5 3. g3 Nc6 4. Bg2 g6 5. d3 Bg7 6. Be3 b6 7. Qd2 d6 8. f4 exf4 9. Bxf4 Nge7 10. Nf3 0-0 11. 0-0 Bb7 12. Rae1 Ne5 13. Bg5 f6 14. Bh6 N7c6 15. Bxg7 Kxg7 16. Nxe5 dxe5 17. Rf2 Nd4 18. Ref1 Qd6 19. Bh3 Rad8 20. Nd1 Bxe4 21. Ne3 Ne6 22. dxe4 Qxd2 23. Rxd2 Rxd2 24. Bxe6 Re2 25. Rf3 h5 26. Bc4 Rd2 27. Rf2 Rd4 28. Bd5 Rd8 29. c4 a6 30. g4 hxg4 31. Nxg4 Rd6 32. h4 b5 33. b3 bxc4 34. bxc4 Rb6 35. Kg2 Rd1 36. Ne3 Re1 37. Kf3 Rh1 38. Rg2 Rh3+ 39. Rg3 Rxg3+ 40. Kxg3 Rb2 41. a4 Rb3 42. Kf2 Rb2+ 43. Kf3 Rh2 44. Kg3 Ra2 45. Bc6 Ra3 46. Kf2 Ra2+ 1/2-1/2

[Event "FRA-chT2 Nord 0708"]
[Site "France"]
[Date "2008.03.15"]
[Round "8.4"]
[White "Regoli, Stephane"]
[Black "Boudrenghien, Francois"]
[Result "1/2-1/2"]
[WhiteElo "2218"]
[BlackElo "2112"]
[PlyCount "136"]
[EventDate "2007.10.21"]
[EventType "team"]
[EventRounds "11"]
[EventCountry "FRA"]
[SourceTitle "EXT 2009"]
[Source "ChessBase"]
[SourceDate "2008.11.26"]
[SourceVersion "1"]
[SourceVersionDate "2008.11.26"]
[SourceQuality "1"]
[WhiteTeam "JEEN"]
[BlackTeam "Neuville en Ferrain"]
[WhiteTeamCountry "FRA"]
[BlackTeamCountry "FRA"]

1. e4 d6 2. d4 Nf6 3. Nc3 e5 4. Nf3 Nbd7 5. Bc4 Be7 6. h3 0-0 7. Be3 c6 8. dxe5 Nxe5 9. Nxe5 dxe5 10. Qf3 Qc7 11. 0-0 Bd7 12. Rad1 Rad8 13. Bg5 Bc8 14. Bxf6 Bxf6 15. Ne2 Rxd1 16. Rxd1 Rd8 17. Ng3 Rxd1+ 18. Qxd1 Qd7 19. Qf3 b5 20. Bb3 Qe8 21. Nf5 Be6 22. Bxe6 Qxe6 23. b3 Qd7 24. Nh6+ gxh6 25. Qxf6 Qd1+ 26. Kh2 Qxc2 27. Qxe5 Qxf2 28. Qe8+ Kg7 29. Qxc6 Qxa2 30. Qxb5 Qf2 31. Qd3 Qf4+ 32. Kg1 Kf8 33. Qd8+ Kg7 34. Qd4+ Kf8 35. Qd8+ Kg7 36. Qd4+ Kf8 37. Qxa7 Qc1+ 38. Kh2 Qf4+ 39. Kh1 Qxe4 40. Qc5+ Ke8 41. b4 f5 42. b5 f4 43. Qc6+ Qxc6 44. bxc6 Kd8 45. Kg1 Kc7 46. Kf2 Kxc6 47. Kf3 Kd6 48. Kxf4 Ke6 49. Kg4 Kf6 50. Kh5 Kg7 51. g3 Kh8 52. Kxh6 Kg8 53. h4 Kh8 54. g4 Kg8 55. Kg5 Kg7 56. Kf5 Kf7 57. Ke5 Ke7 58. Kd5 Kd7 59. g5 Ke7 60. Ke5 Kf7 61. Kf5 Kg7 62. h5 Kf7 63. Ke5 Ke7 64. g6 Kf8 65. Kf6 Kg8 66. Kg5 hxg6 67. hxg6 Kg7 68. Kf5 Kg8 1/2-1/2

[Event "FRA-chT2 Nord 0708"]
[Site "France"]
[Date "2008.02.10"]
[Round "7.4"]
[White "Regoli, Stephane"]
[Black "Emmenecker, Philippe"]
[Result "1-0"]
[WhiteElo "2218"]
[BlackElo "2181"]
[PlyCount "71"]
[EventDate "2007.10.21"]
[EventType "team"]
[EventRounds "11"]
[EventCountry "FRA"]
[SourceTitle "EXT 2009"]
[Source "ChessBase"]
[SourceDate "2008.11.26"]
[SourceVersion "1"]
[SourceVersionDate "2008.11.26"]
[SourceQuality "1"]
[WhiteTeam "JEEN"]
[BlackTeam "Issy les Moulineaux"]
[WhiteTeamCountry "FRA"]
[BlackTeamCountry "FRA"]

1. e4 c5 2. Nc3 Nc6 3. g3 g6 4. Bg2 Bg7 5. d3 d6 6. Be3 e6 7. Qd2 Qa5 8. Nge2 Nd4 9. 0-0 Ne7 10. Nc1 Bd7 11. Nb3 Qc7 12. Bh6 0-0 13. Bxg7 Kxg7 14. Ne2 Nxe2+ 15. Qxe2 Nc6 16. c3 a5 17. Nd2 a4 18. Rfd1 f5 19. Nf3 e5 20. exf5 Bxf5 21. Nh4 Bd7 22. Rf1 Rf6 23. f4 exf4 24. Rxf4 Rxf4 25. gxf4 Rf8 26. Rf1 Qd8 27. Qe1 b5 28. Qg3 Ne7 29. Re1 Bf5 30. Qg5 Kf7 31. Qh6 Kg8 32. Qg5 Kf7 33. Nxf5 Nxf5 34. Bd5+ Kg7 35. Qxd8 Rxd8 36. Kf2 1-0

[Event "FRA-chT2 West 0607"]
[Site "France"]
[Date "2007.01.20"]
[Round "5.4"]
[White "Regoli, Stephane"]
[Black "Rivet, Gilles"]
[Result "1-0"]
[WhiteElo "2204"]
[BlackElo "2139"]
[PlyCount "81"]
[EventDate "2006.10.15"]
[EventType "team"]
[EventRounds "11"]
[EventCountry "FRA"]
[SourceTitle "EXT 2008"]
[Source "ChessBase"]
[SourceDate "2007.11.25"]
[SourceVersion "1"]
[SourceVersionDate "2007.11.25"]
[SourceQuality "1"]
[WhiteTeam "JEEN"]
[BlackTeam "Rennes Paul Bert"]
[WhiteTeamCountry "FRA"]
[BlackTeamCountry "FRA"]

1. e4 e5 2. Nf3 Nf6 3. Nc3 Bb4 4. Bc4 0-0 5. 0-0 d6 6. d3 Bg4 7. h3 Bh5 8. Bg5 c6 9. g4 Bg6 10. Bb3 Nbd7 11. Nh4 Qa5 12. Nxg6 hxg6 13. Ne2 d5 14. Ng3 dxe4 15. dxe4 Qc7 16. h4 Nc5 17. Bxf6 Nxb3 18. axb3 gxf6 19. Qf3 Kg7 20. h5 Rh8 21. Kg2 Bd2 22. Rfd1 Bf4 23. Ne2 Bg5 24. Ng1 a6 25. Nh3 Bh6 26. Rd3 Rad8 27. Rad1 Qb6 28. Rd6 Rxd6 29. Rxd6 Bf4 30. Nxf4 Qc7 31. Rxf6 exf4 32. Qc3 Kh6 33. Rxg6+ fxg6 34. Qxh8+ Kg5 35. hxg6 f3+ 36. Kh3 Kxg6 37. Qg8+ Kh6 38. Qf8+ Kg5 39. Qf5+ Kh6 40. Qxf3 Qe5 41. Qf8+ 1-0

[Event "FRA-ch opA"]
[Site "Val d'Isere"]
[Date "2004.08.??"]
[Round "1"]
[White "Miqueu, Eric"]
[Black "Regoli, Stephane"]
[Result "1/2-1/2"]
[WhiteElo "2044"]
[BlackElo "2176"]
[PlyCount "84"]
[EventDate "2004.08.16"]
[EventType "swiss"]
[EventRounds "9"]
[EventCountry "FRA"]
[SourceTitle "EXT 2005"]
[Source "ChessBase"]
[SourceDate "2004.11.15"]
[SourceVersion "1"]
[SourceVersionDate "2004.11.15"]
[SourceQuality "1"]

1. e4 c5 2. Nf3 e6 3. c3 Nc6 4. d4 cxd4 5. cxd4 Nf6 6. Nc3 d5 7. e5 Ne4 8. Bd3 Bb4 9. Bd2 Nxd2 10. Qxd2 Bd7 11. a3 Be7 12. b4 Rc8 13. 0-0 a6 14. Rac1 0-0 15. Qc2 h6 16. Qd1 Na7 17. Qe2 a5 18. Qb2 axb4 19. axb4 Nc6 20. b5 Na5 21. Na4 Nc4 22. Qb3 Qa5 23. Nc3 Rc7 24. Ra1 Nd2 25. Nxd2 Qxc3 26. Rfc1 Qxc1+ 27. Rxc1 Rxc1+ 28. Nf1 Rfc8 29. Qb2 R8c3 30. Qe2 Ra3 31. g3 Raa1 32. Qb2 Rd1 33. Kg2 Bf8 34. Ne3 Rxd3 35. Qxa1 Bxb5 36. Qb2 Bc6 37. Nc2 Rd1 38. Ne3 Re1 39. Nc2 Re2 40. Qc3 Bc5 41. g4 b5 42. Kg3 Be7 1/2-1/2

[Event "Paris Apsap 61mn KO op 34th"]
[Site "Paris"]
[Date "2002.??.??"]
[Round "2"]
[White "Regoli, Stephane"]
[Black "Alanic, Mickael"]
[Result "1-0"]
[WhiteElo "2189"]
[BlackElo "2077"]
[PlyCount "53"]
[EventDate "2002.08.18"]
[EventType "swiss (rapid)"]
[EventRounds "7"]
[EventCountry "FRA"]
[SourceTitle "EXT 2003"]
[Source "ChessBase"]
[SourceDate "2002.11.25"]
[SourceVersion "1"]
[SourceVersionDate "2002.11.25"]
[SourceQuality "1"]

1. e4 c6 2. d4 d5 3. e5 g6 4. Nf3 Bg4 5. Be3 e6 6. h3 Bxf3 7. Qxf3 Nd7 8. Bd3 Ne7 9. g4 Qb6 10. b3 Bg7 11. c3 c5 12. Qg3 h5 13. 0-0 Qc7 14. Nd2 Rc8 15. Rac1 hxg4 16. hxg4 cxd4 17. cxd4 Qxc1 18. Rxc1 Rxc1+ 19. Kg2 Nc6 20. Qf3 Nb4 21. Bb5 Rc7 22. Bg5 Nc6 23. Qc3 a6 24. Bxc6 Rxc6 25. Qb4 f6 26. exf6 Bf8 27. Qxb7 1-0

[Event "FRA-ch op-A"]
[Site "Val d'Isere"]
[Date "2002.??.??"]
[Round "1.4"]
[White "Ruch, Bernard"]
[Black "Regoli, Stephane"]
[Result "0-1"]
[WhiteElo "2048"]
[BlackElo "2189"]
[PlyCount "168"]
[EventDate "2002.08.20"]
[EventType "swiss"]
[EventRounds "11"]
[EventCountry "FRA"]
[SourceTitle "EXT 2003"]
[Source "ChessBase"]
[SourceDate "2002.11.25"]
[SourceVersion "1"]
[SourceVersionDate "2002.11.25"]
[SourceQuality "1"]

1. d4 c5 2. c3 e6 3. e3 Nf6 4. Bd3 d5 5. f4 Ne4 6. Nf3 b6 7. 0-0 Be7 8. Ne5 0-0 9. Nd2 f5 10. Ndf3 Bd6 11. c4 Bb7 12. b3 Nc6 13. Bb2 Rc8 14. Bxe4 dxe4 15. Ng5 Bxe5 16. Nxe6 Qe7 17. fxe5 Qxe6 18. d5 Qh6 19. dxc6 Qxe3+ 20. Kh1 Bxc6 21. Qd6 Qg5 22. e6 e3 23. Qg3 Qxg3 24. hxg3 Rce8 25. Rae1 Rxe6 26. Bc1 g6 27. Rxe3 Rfe8 28. Rfe1 Be4 29. Kg1 Kf7 30. Kf2 Bb1 31. a4 Rxe3 32. Bxe3 Bc2 33. a5 Bxb3 34. axb6 axb6 35. Rb1 Bxc4 36. Rxb6 Rc8 37. Rb7+ Kg8 38. Bd2 Bf7 39. Bc3 c4 40. Ke3 h6 41. Kf4 Re8 42. Be5 Rf8 43. Rc7 Rd8 44. g4 fxg4 45. Kxg4 Kf8 46. Kf4 Rd2 47. g3 Rd3 48. Rc8+ Ke7 49. Rc7+ Ke6 50. Ke4 Rd1 51. Rc6+ Ke7 52. Rc7+ Rd7 53. Rxd7+ Kxd7 54. g4 Be6 55. Bg7 Bxg4 56. Bxh6 Be2 57. Bd2 Ke6 58. Kf4 Kd5 59. Bc3 Bd3 60. Bf6 Kc5 61. Be7+ Kb5 62. Ke3 Ka4 63. Kd2 Kb3 64. Bg5 Be4 65. Bf6 Bf5 66. Kc1 c3 67. Bg5 c2 68. Bf6 Kc4 69. Kd2 Kb3 70. Kc1 Kc4 71. Kd2 Kd5 72. Bg5 Be4 73. Ke2 Ke5 74. Be3 Kf5 75. Kf2 Kg4 76. Bc1 g5 77. Ke3 Bg6 78. Kf2 Kh4 79. Bb2 Kh3 80. Kg1 g4 81. Bc1 Kg3 82. Bg5 Kf3 83. Bc1 Ke2 84. Kg2 Kd1 0-1

[Event "FRA-ch U18"]
[Site "Amiens"]
[Date "2001.04.09"]
[Round "2"]
[White "Regoli, Stephane"]
[Black "Maze, Sebastien"]
[Result "1/2-1/2"]
[WhiteElo "2083"]
[BlackElo "2279"]
[PlyCount "106"]
[EventDate "2001.04.07"]
[EventType "swiss"]
[EventRounds "9"]
[EventCountry "FRA"]
[SourceTitle "EXT 2005"]
[Source "ChessBase"]
[SourceDate "2004.11.15"]
[SourceVersion "1"]
[SourceVersionDate "2004.11.15"]
[SourceQuality "1"]

1. c4 c5 2. Nc3 g6 3. g3 Bg7 4. Bg2 Nc6 5. e3 e5 6. Nge2 Nge7 7. a3 d6 8. Rb1 Be6 9. Nd5 0-0 10. d3 Rb8 11. Nec3 a6 12. b4 b5 13. Nxe7+ Nxe7 14. cxb5 axb5 15. 0-0 c4 16. d4 exd4 17. exd4 Nf5 18. Ne2 d5 19. Bb2 Qd7 20. Re1 Rbc8 21. Bc3 g5 22. Kh1 Nd6 23. Bd2 Ne4 24. Bxe4 dxe4 25. Bxg5 Bg4 26. Qc1 Bf3+ 27. Kg1 Qg4 28. Qe3 f6 29. Bh4 f5 30. Nf4 Bh6 31. h3 Bxf4 32. hxg4 Bxe3 33. fxe3 fxg4 34. Ra1 c3 35. a4 bxa4 36. Rxa4 c2 37. Rc1 Be2 38. Raa1 Rf5 39. Kg2 Bd3 40. Ra5 Rcf8 41. Rxf5 Rxf5 42. Be7 Rf1 43. Rxc2 Re1 44. Rb2 Bb5 45. Bg5 Kf7 46. Bf4 Ke6 47. Kf2 Rf1+ 48. Kg2 Rc1 49. Ra2 Rb1 50. Ra7 Rb2+ 51. Kg1 Kd5 52. Rc7 Rxb4 53. Rc5+ Ke6 1/2-1/2

[Event "FRA-ch U16"]
[Site "Romans"]
[Date "1999.04.16"]
[Round "7"]
[White "Sorin, Maxime"]
[Black "Regoli, Stephane"]
[Result "1-0"]
[WhiteElo "2208"]
[BlackElo "2083"]
[PlyCount "53"]
[EventDate "1999.04.12"]
[EventType "swiss"]
[EventRounds "8"]
[EventCountry "FRA"]
[SourceTitle "EXT 2002"]
[Source "ChessBase"]
[SourceDate "2001.11.25"]
[SourceVersion "1"]
[SourceVersionDate "2001.11.25"]
[SourceQuality "1"]

1. e4 c5 2. Nf3 d6 3. d4 cxd4 4. Nxd4 Nf6 5. Nc3 a6 6. Bc4 e6 7. Bb3 Be7 8. g4 Nc6 9. g5 Nxd4 10. Qxd4 e5 11. Qd1 Nd7 12. Qh5 g6 13. Qf3 0-0 14. h4 Nc5 15. Bd5 Be6 16. Be3 Rc8 17. h5 Bxd5 18. Nxd5 Bxg5 19. Bxg5 Qxg5 20. Nf6+ Kh8 21. hxg6 h6 22. g7+ Qxg7 23. 0-0-0 Ne6 24. Rdg1 Ng5 25. Qf5 Rg8 26. Kb1 Qg6 27. Rxg5 1-0

[Event "FRA-chT U18"]
[Site "France"]
[Date "1996.??.??"]
[Round "?"]
[White "Aguettaz, Maxime"]
[Black "Regoli, Stephane"]
[Result "1/2-1/2"]
[WhiteElo "1690"]
[BlackElo "1750"]
[PlyCount "98"]
[EventDate "1996.??.??"]
[EventType "team"]
[EventRounds "11"]
[EventCountry "FRA"]
[SourceTitle "EXT 2004"]
[Source "ChessBase"]
[SourceDate "2003.11.25"]
[SourceVersion "1"]
[SourceVersionDate "2003.11.25"]
[SourceQuality "1"]

1. e4 c5 2. Nf3 a6 3. Nc3 Nc6 4. d4 cxd4 5. Nxd4 Nf6 6. Bg5 Qa5 7. Bxf6 gxf6 8. Be2 e6 9. Nb3 Qg5 10. g3 b5 11. f4 Qg6 12. Bh5 Qh6 13. 0-0 Be7 14. Bf3 0-0 15. Nd5 Bd8 16. Ne3 Bb6 17. Qd2 Ne5 18. Nd4 Nxf3+ 19. Nxf3 Bb7 20. e5 Rac8 21. c3 Kh8 22. Nd4 Rg8 23. a4 b4 24. Rac1 bxc3 25. bxc3 fxe5 26. fxe5 Qg6 27. Rf4 h5 28. Rcf1 Rg7 29. Qb2 Bxd4 30. cxd4 Bc6 31. a5 Qd3 32. Qf2 Be4 33. Rh4 Qxd4 34. Qf4 Rc3 35. Qxe4 Qxe3+ 36. Qxe3 Rxe3 37. Rxh5+ Kg8 38. Rb1 Rh7 39. Rg5+ Kf8 40. Rb6 Re2 41. h4 Ke7 42. Rxa6 Rh8 43. Rb6 Ra2 44. a6 Rc8 45. Rb1 Rcc2 46. a7 Rxa7 47. Rf1 Raa2 48. Rf3 Kf8 49. Rg4 Rg2+ 1/2-1/2

[Event "FRA-chT U18"]
[Site "France"]
[Date "1996.??.??"]
[Round "?"]
[White "Regoli, Stephane"]
[Black "Gaston, Serge"]
[Result "0-1"]
[WhiteElo "1750"]
[BlackElo "1640"]
[PlyCount "76"]
[EventDate "1996.??.??"]
[EventType "team"]
[EventRounds "11"]
[EventCountry "FRA"]
[SourceTitle "EXT 2004"]
[Source "ChessBase"]
[SourceDate "2003.11.25"]
[SourceVersion "1"]
[SourceVersionDate "2003.11.25"]
[SourceQuality "1"]

1. b3 e5 2. Bb2 d6 3. e3 Nf6 4. c4 Be7 5. Nc3 0-0 6. Nf3 Nbd7 7. h3 Re8 8. d4 exd4 9. Nxd4 Nb6 10. e4 Bf8 11. Bd3 d5 12. cxd5 Nbxd5 13. Nxd5 Qxd5 14. 0-0 Nxe4 15. Re1 Bd7 16. Qc2 Nf6 17. Nf5 Bc6 18. Ne3 Qg5 19. Bxf6 Qxf6 20. Bxh7+ Kh8 21. Bd3 Bb4 22. Red1 Rad8 23. Rac1 Ba3 24. Rb1 Bd6 25. Re1 Qf4 26. Ng4 Bd7 27. g3 Qg5 28. Kg2 f5 29. Nh2 f4 30. Nf3 Qh5 31. Rh1 fxg3 32. Bg6 Re2 33. Qxe2 Qxg6 34. Nh4 Qg5 35. Nf3 Bc6 36. Rhc1 gxf2+ 37. Kh1 Qg3 38. Rxc6 Qxh3+ 0-1